| 000 | 00667nam a22002530a 4500 | ||
|---|---|---|---|
| 001 | PT41531 | ||
| 003 | AR-LpoUNG | ||
| 005 | 20220829162629.0 | ||
| 007 | aj ||||| | ||
| 040 |
_aAR-LpoUNG _bspa _cAR-LpoUNG _eaacr |
||
| 082 | 0 | _a982.04 275ins | |
| 245 | 0 | 0 | _aInsurrección federal y formación de las provincias argentinas : 1820-1830 |
| 260 |
_aBuenos Aires : _bSistemas Educativos, _cs.f.. |
||
| 300 | _a1 mural laminado : col. ; 0,80 x 1,18 cm. | ||
| 650 | 4 | _aARGENTINA | |
| 650 | 4 | _aFEDERALES | |
| 650 | 4 | _aFEDERALISMO | |
| 650 | 4 | _aHISTORIA | |
| 650 | 4 | _aHISTORIA POLITICA | |
| 650 | 4 | _aMAPAS | |
| 650 | 4 | _aUNITARIOS | |
| 905 | _a41531 | ||
| 942 | _cMAPA | ||
| 999 |
_c63548 _d63548 |
||